Le Brésil en 50 images - Statistiques

Statistiques générales
  • Ce quiz a été pris 101 fois
  • Le résultat moyen est 34 sur 50
Statistiques - réponses
Par images Hint Réponse % Correct
Film d’animation Rio
100%
Ville Rio de Janeiro
100%
Sport Football
99%
Ex-pays colonisateur Portugal
98%
Capitale Brasília
97%
Forêt Forêt amazonienne
96%
Footballeur Neymar
96%
Boisson dont le Brésil est le premier producteur mondial Café
93%
Footballeur Pelé
93%
Océan Océan Atlantique
92%
Statue Christ rédempteur
90%
Bidonvilles brésiliens Favelas
89%
Année 2014
88%
Poisson Piranha
88%
Footballeur Ronaldinho
88%
Footballeur Ronaldo
88%
Animatrice de télévision Cristina Córdula
87%
Animal Paresseux
87%
Danse Samba
87%
Ville São Paulo
86%
Animal Jaguar
84%
Oiseau Toucan
82%
Fête Carnaval de Rio
81%
Plage Copacabana
81%
Année 2016
80%
Fleuve Amazone
79%
Homme politique Luiz Inácio Lula da Silva
76%
Ancien président Jair Bolsonaro
70%
Surnom de la sélection nationale de football La Seleção
70%
Footballeur Vinicius Júnior
68%
Pilote automobile Ayrton Senna
66%
Stade de football Maracanã
60%
Monnaie Réal brésilien
57%
Plante dont le pays est le premier producteur mondial Canne à sucre
56%
Footballeur Roberto Carlos
51%
Cocktail Caïpirinha
46%
Animal Dauphin rose de l'Amazone
46%
Devise nationale Ordem e Progresso
46%
Branche du christianisme ayant sa plus grande communauté au Brésil Catholicisme
43%
Sommet Corcovado
43%
Plage Ipanema
41%
Montagne Pain de Sucre
37%
Plus grande ville d’Amazonie Manaus
35%
Genre musical Bossa nova
32%
Plat Feijoada
31%
Oiseau Ara bleu
27%
Chutes d’eau Chutes d'Iguazú
27%
« Découvreur du Brésil » Pedro Álvares Cabral
13%
Entreprise d’État Petrobras
13%
Ville Fortaleza
10%
Aucun quiz correspondant
Distribution des résultats
% des personnes avec chaque résultat
Percentile par nombre de réponses
Votre historique - résultats
Vous n’avez pas pris ce quiz